[Event "Syre Memorial op 35th"]
[Site "Issy les Moulineaux"]
[Date "2012.05.19"]
[Round "4"]
[White "Libens, Michel"]
[Black "Rodriguez, Adrien"]
[Result "0-1"]
[WhiteElo "2091"]
[BlackElo "1987"]
[PlyCount "65"]
[EventDate "2012.05.17"]
[EventType "swiss"]
[EventRounds "6"]
[EventCountry "FRA"]
[SourceTitle "EXT 2015"]
[Source "ChessBase"]
[SourceDate "2014.11.20"]
[SourceVersion "1"]
[SourceVersionDate "2014.11.20"]
[SourceQuality "1"]

1. e4 c5 2. Nf3 d6 3. d4 cxd4 4. Nxd4 Nf6 5. Nc3 e5 6. Bb5+ Bd7 7. Bxd7+ Qxd7 8. Nde2 Be7 9. Bg5 Na6 10. Bxf6 Bxf6 11. Nd5 Nc5 12. Ng3 Bh4 13. Nh5 0-0-0 14. Qf3 g6 15. Nhf6 Bxf6 16. Nxf6 Qb5 17. 0-0-0 Kb8 18. Kb1 Qc4 19. Rd5 Ne6 20. Rhd1 Qc6 21. Qa3 Nc5 22. f3 Qc7 23. b4 Ne6 24. Ra5 b6 25. Nd5 Qb7 26. Ra4 Rc8 27. c3 Rc6 28. Ka1 Rhc8 29. Rc1 Nd4 30. Qb2 Nb5 31. Qd2 Rc4 32. Rc2 Qd7 33. Nf6 0-1

[Event "Syre Memorial op 35th"]
[Site "Issy les Moulineaux"]
[Date "2012.05.19"]
[Round "5"]
[White "Wagner, Jean Philippe"]
[Black "Libens, Michel"]
[Result "0-1"]
[WhiteElo "1698"]
[BlackElo "2091"]
[PlyCount "48"]
[EventDate "2012.05.17"]
[EventType "swiss"]
[EventRounds "6"]
[EventCountry "FRA"]
[SourceTitle "EXT 2015"]
[Source "ChessBase"]
[SourceDate "2014.11.20"]
[SourceVersion "1"]
[SourceVersionDate "2014.11.20"]
[SourceQuality "1"]

1. b4 e5 2. Bb2 Bxb4 3. Bxe5 Nf6 4. c4 0-0 5. Nf3 Re8 6. e3 b6 7. a3 Bf8 8. Bc3 Bb7 9. Ng5 h6 10. h4 g6 11. d3 Bg7 12. Nh3 d5 13. Bd2 dxc4 14. dxc4 Ne4 15. Ra2 Na6 16. Nf4 Nac5 17. Qc2 Qf6 18. Bb4 Rad8 19. Bxc5 Nxc5 20. Nd5 Bxd5 21. cxd5 Rxd5 22. Bc4 Rf5 23. g4 Rf4 24. Be2 Rxf2 0-1

[Event "Syre Memorial op 32nd"]
[Site "Issy les Moulineaux"]
[Date "2009.05.21"]
[Round "1"]
[White "Karim, Ismael"]
[Black "Libens, Michel"]
[Result "1-0"]
[WhiteElo "2410"]
[BlackElo "2074"]
[PlyCount "43"]
[EventDate "2009.05.21"]
[EventType "swiss"]
[EventRounds "6"]
[EventCountry "FRA"]
[SourceTitle "EXT 2010"]
[Source "ChessBase"]
[SourceDate "2010.11.25"]
[SourceVersion "1"]
[SourceVersionDate "2010.11.25"]
[SourceQuality "1"]

1. e4 c5 2. Nf3 d6 3. Nc3 Nc6 4. d4 cxd4 5. Nxd4 Nf6 6. Be2 g6 7. Be3 Bg7 8. Nb3 0-0 9. f4 Be6 10. g4 Na5 11. g5 Nd7 12. Bd4 f6 13. h4 Bc4 14. Nxa5 Bxe2 15. Qxe2 Qxa5 16. Qc4+ Rf7 17. 0-0-0 Nb6 18. Qe6 Qb4 19. h5 Qc4 20. Qh3 Rc8 21. hxg6 hxg6 22. f5 1-0

[Event "Cannes op"]
[Site "Cannes"]
[Date "2007.02.18"]
[Round "1"]
[White "Libens, Michel"]
[Black "Fargere, Francois"]
[Result "0-1"]
[WhiteElo "2104"]
[BlackElo "2330"]
[PlyCount "66"]
[EventDate "2007.02.18"]
[EventType "swiss"]
[EventRounds "9"]
[EventCountry "FRA"]
[SourceTitle "CBM 116 Extra"]
[Source "ChessBase"]
[SourceDate "2007.03.07"]
[SourceVersion "1"]
[SourceVersionDate "2007.03.07"]
[SourceQuality "1"]

1. e4 c5 2. Nf3 d6 3. d4 Nf6 4. Nc3 cxd4 5. Nxd4 a6 6. h3 e6 7. g4 d5 8. Bg2 Nxe4 9. Nxe4 dxe4 10. Bxe4 Be7 11. Be3 Nd7 12. Qe2 Nf6 13. Bg2 e5 14. 0-0-0 Qc7 15. Nb3 0-0 16. g5 Ne8 17. h4 a5 18. a3 Be6 19. Bd5 Bf5 20. Qc4 Qb8 21. Be4 Nd6 22. Rxd6 Bxe4 23. Qxe4 Qxd6 24. f4 a4 25. fxe5 Qe6 26. Nd4 Qa2 27. Nf5 Rfe8 28. h5 Rad8 29. c3 Bxa3 30. bxa3 Qxa3+ 31. Kc2 Qb3+ 32. Kc1 Qxc3+ 33. Kb1 Rxe5 0-1

[Event "FRA-chT2"]
[Site "France"]
[Date "2002.03.??"]
[Round "8"]
[White "Libens, Michel"]
[Black "Hernando Rodrigo, Jose Maria"]
[Result "0-1"]
[WhiteElo "2125"]
[BlackElo "2389"]
[PlyCount "78"]
[EventDate "2002.??.??"]
[EventType "team"]
[EventRounds "11"]
[EventCountry "FRA"]
[SourceTitle "EXT 2003"]
[Source "ChessBase"]
[SourceDate "2002.11.25"]
[SourceVersion "1"]
[SourceVersionDate "2002.11.25"]
[SourceQuality "1"]

1. e4 d5 2. exd5 Qxd5 3. Nc3 Qa5 4. Bc4 Nf6 5. d3 c6 6. Qe2 Bg4 7. f3 Bh5 8. g4 Bg6 9. f4 h5 10. f5 Bh7 11. h3 Nbd7 12. Nf3 Bg8 13. Rg1 hxg4 14. hxg4 b5 15. Bb3 Nc5 16. Bd2 Nxb3 17. cxb3 0-0-0 18. Ne5 Qa6 19. Qg2 Kb7 20. a4 e6 21. axb5 Qxa1+ 22. Ke2 Qxb2 23. Rb1 Qa3 24. bxc6+ Kc8 25. c7 Rd5 26. Nxd5 Nxd5 27. Rc1 Bd6 28. Nc4 Qa6 29. Rh1 Rxh1 30. Qxh1 Kxc7 31. Qh8 Qc8 32. Ba5+ Kd7 33. fxe6+ Ke7 34. Kd2 Kxe6 35. Qxg7 Qf8 36. Qd4 Qh6+ 37. Kc2 Qh2+ 38. Nd2 a6 39. Qe4+ Qe5 0-1

[Event "FRA-chT2"]
[Site "France"]
[Date "2001.10.??"]
[Round "1"]
[White "Libens, Michel"]
[Black "Uwira, Oliver"]
[Result "1-0"]
[WhiteElo "2125"]
[BlackElo "2163"]
[PlyCount "113"]
[EventDate "2002.??.??"]
[EventType "team"]
[EventRounds "11"]
[EventCountry "FRA"]
[SourceTitle "EXT 2003"]
[Source "ChessBase"]
[SourceDate "2002.11.25"]
[SourceVersion "1"]
[SourceVersionDate "2002.11.25"]
[SourceQuality "1"]

1. e4 c5 2. Nf3 Nc6 3. d4 cxd4 4. Nxd4 Nf6 5. Nc3 e5 6. Ndb5 d6 7. Bg5 a6 8. Bxf6 gxf6 9. Na3 b5 10. Nd5 f5 11. Nxb5 axb5 12. Bxb5 Bd7 13. exf5 Rc8 14. 0-0 Bg7 15. c3 0-0 16. Qf3 f6 17. a4 Be8 18. b4 Kh8 19. Ba6 Rb8 20. Bd3 Ne7 21. Be4 Bf7 22. Rfd1 Nxd5 23. Bxd5 Bxd5 24. Rxd5 Qc7 25. Qd3 Rfd8 26. g3 Bh6 27. Ra2 Rbc8 28. Rc2 Qa7 29. Rxd6 Rxd6 30. Qxd6 Qxa4 31. Qxf6+ Bg7 32. Qe6 Re8 33. Qa2 Qd7 34. Qb1 Qxf5 35. b5 Bf8 36. Rb2 Qf3 37. Qe1 Bc5 38. Rc2 e4 39. Qe2 Qf5 40. Rb2 e3 41. f3 Bb6 42. Kg2 Qd5 43. Rc2 Qb3 44. c4 Rd8 45. Kh3 Qb4 46. Rb2 Qc5 47. Ra2 Qf5+ 48. Kg2 Qb1 49. Kh3 Qb4 50. f4 Rd2 51. Ra8+ Kg7 52. Qg4+ Kf6 53. Qg5+ Kf7 54. Qg8+ Kf6 55. Rf8+ Ke7 56. Re8+ Kf6 57. Qe6+ 1-0

[Event "Cannes op"]
[Site "Cannes"]
[Date "2000.02.25"]
[Round "6"]
[White "Bonati, Charles"]
[Black "Libens, Michel"]
[Result "1/2-1/2"]
[WhiteElo "2079"]
[BlackElo "2178"]
[PlyCount "30"]
[EventDate "2000.02.20"]
[EventType "swiss"]
[EventRounds "9"]
[EventCountry "FRA"]
[SourceTitle "EXT 2001"]
[Source "ChessBase"]
[SourceDate "2000.11.22"]
[SourceVersion "1"]
[SourceVersionDate "2000.11.22"]
[SourceQuality "1"]

1. e4 c5 2. Nf3 Nc6 3. d4 cxd4 4. Nxd4 e5 5. Nb5 a6 6. Nd6+ Bxd6 7. Qxd6 Qf6 8. Qxf6 Nxf6 9. Nc3 Nb4 10. Bd3 d5 11. f4 dxe4 12. Nxe4 Nxe4 13. Bxe4 f5 14. a3 fxe4 15. axb4 exf4 1/2-1/2

[Event "Cannes op"]
[Site "Cannes"]
[Date "2000.02.23"]
[Round "4"]
[White "Tournier, Mathieu"]
[Black "Libens, Michel"]
[Result "1/2-1/2"]
[WhiteElo "2091"]
[BlackElo "2178"]
[PlyCount "52"]
[EventDate "2000.02.20"]
[EventType "swiss"]
[EventRounds "9"]
[EventCountry "FRA"]
[SourceTitle "EXT 2001"]
[Source "ChessBase"]
[SourceDate "2000.11.22"]
[SourceVersion "1"]
[SourceVersionDate "2000.11.22"]
[SourceQuality "1"]

1. e4 e5 2. Nf3 Nc6 3. Bc4 Nf6 4. d3 Bc5 5. c3 0-0 6. Nbd2 d6 7. Nf1 Ng4 8. Be3 Nxe3 9. Nxe3 Bxe3 10. fxe3 Be6 11. Bb5 Ne7 12. 0-0 c6 13. Ba4 Ng6 14. Kh1 Nh4 15. Qe1 Nxf3 16. Rxf3 Qb6 17. Qf2 d5 18. exd5 cxd5 19. Re1 Rad8 20. Rg3 f5 21. Rf3 Rf6 22. d4 e4 23. Rg3 f4 24. exf4 Rdf8 25. Qe2 Qd6 26. f5 Rxf5 1/2-1/2

[Event "Cannes op"]
[Site "Cannes"]
[Date "2000.02.20"]
[Round "1"]
[White "Libens, Michel"]
[Black "Rodriguez, Jean Pierre"]
[Result "1/2-1/2"]
[WhiteElo "2178"]
[BlackElo "2032"]
[PlyCount "76"]
[EventDate "2000.02.20"]
[EventType "swiss"]
[EventRounds "9"]
[EventCountry "FRA"]
[SourceTitle "EXT 2001"]
[Source "ChessBase"]
[SourceDate "2000.11.22"]
[SourceVersion "1"]
[SourceVersionDate "2000.11.22"]
[SourceQuality "1"]

1. e4 Nf6 2. e5 Nd5 3. d4 d6 4. c4 Nb6 5. f4 Bf5 6. Nf3 e6 7. Be2 Nc6 8. 0-0 Be7 9. Nc3 dxe5 10. fxe5 0-0 11. d5 exd5 12. cxd5 Nb4 13. Ne1 Bg6 14. Bf3 Nc4 15. a3 Na6 16. Qe2 Na5 17. Be3 Nb3 18. Rd1 Nac5 19. Qc4 Qc8 20. Bg4 Qe8 21. d6 cxd6 22. Bxc5 Nxc5 23. exd6 Bd8 24. Nd5 Ne4 25. Nc7 Bxc7 26. dxc7 b5 27. Qb3 Nc5 28. Qc3 Ne6 29. Nd3 Rc8 30. Bxe6 Qxe6 31. Qc5 Qb6 32. Qxb6 axb6 33. Ne5 Rxc7 34. Rd6 Rc2 35. Re1 Rxb2 36. Nd7 Ra8 37. Nxb6 Rf8 38. Nd7 Ra8 1/2-1/2

[Event "Cannes"]
[Site "Cannes"]
[Date "1999.??.??"]
[Round "1"]
[White "Libens, Michel"]
[Black "Leal, Paulo"]
[Result "1-0"]
[WhiteElo "2173"]
[BlackElo "2126"]
[PlyCount "90"]
[EventDate "1999.02.??"]
[EventType "k.o."]
[EventRounds "7"]
[EventCountry "FRA"]
[SourceTitle "EXT 2000"]
[Source "ChessBase"]
[SourceDate "1999.11.16"]
[SourceVersion "1"]
[SourceVersionDate "1999.11.16"]
[SourceQuality "1"]

1. e4 c5 2. Nf3 d6 3. d4 cxd4 4. Nxd4 Nf6 5. Nc3 a6 6. Bg5 e6 7. Bd3 Be7 8. f4 h6 9. Bxf6 Bxf6 10. Nf3 Nc6 11. Qd2 Bd7 12. Rb1 Rc8 13. Nd1 Qa5 14. c3 b5 15. a3 Qb6 16. Nf2 Qc7 17. 0-0 e5 18. f5 Na5 19. Ng4 Nb3 20. Qe2 Nc5 21. Bc2 Bc6 22. Rfd1 Nd7 23. Rd2 Be7 24. Rbd1 0-0 25. Kh1 Rfd8 26. Bb3 Nf6 27. Nxf6+ Bxf6 28. Qe3 Ba8 29. h3 Qc5 30. Qe2 Kf8 31. Rd3 a5 32. Bd5 Be7 33. Bxa8 Rxa8 34. Rd5 Qc4 35. Qxc4 bxc4 36. Rb5 Rdb8 37. Rdd5 Rxb5 38. Rxb5 Bg5 39. Kg1 Be3+ 40. Kf1 Ra7 41. Ke2 Bc5 42. Nxe5 dxe5 43. Rxc5 Rb7 44. Rxc4 Rxb2+ 45. Ke3 Rb3 1-0

[Event "Cannes op-B 18th"]
[Site "Cannes"]
[Date "1997.??.??"]
[Round "1"]
[White "Kovacevic, Blazimir"]
[Black "Libens, Michel"]
[Result "1-0"]
[WhiteElo "2340"]
[BlackElo "2180"]
[PlyCount "69"]
[EventDate "1997.02.22"]
[EventType "swiss"]
[EventRounds "9"]
[EventCountry "FRA"]
[SourceTitle "CBM 057 Extra"]
[Source "ChessBase"]
[SourceDate "1997.05.01"]
[SourceVersion "1"]
[SourceVersionDate "1997.05.01"]
[SourceQuality "1"]

1. d4 Nf6 2. Nf3 e6 3. Bg5 c5 4. e3 h6 5. Bh4 Nc6 6. c3 b6 7. Nbd2 Be7 8. Bxf6 Bxf6 9. Ne4 Be7 10. d5 exd5 11. Qxd5 Qc7 12. Bc4 Rf8 13. Rd1 Bb7 14. Qh5 g6 15. Qxh6 Ne5 16. Bd5 Nxf3+ 17. gxf3 0-0-0 18. Qg7 Bxd5 19. Rxd5 Qb7 20. c4 Qa6 21. 0-0 Qxa2 22. Re5 Bh4 23. Nd6+ Kb8 24. Re4 Bg5 25. Qe5 f6 26. Qd5 Qa6 27. Kg2 Kc7 28. Nb5+ Kb8 29. Qd6+ Kb7 30. Re7 Rh8 31. Rxd7+ Rxd7 32. Qxd7+ Kb8 33. Qc7+ Ka8 34. Qg7 Qc8 35. Qxa7# 1-0

[Event "Cannes op"]
[Site "Cannes"]
[Date "1992.??.??"]
[Round "?"]
[White "Libens, Michel"]
[Black "Kljako, Damir"]
[Result "1/2-1/2"]
[WhiteElo "2250"]
[BlackElo "2335"]
[PlyCount "114"]
[EventDate "1992.02.??"]
[EventType "swiss"]
[EventRounds "9"]
[EventCountry "FRA"]
[SourceTitle "TD"]
[Source "ChessBase"]
[SourceDate "1994.03.01"]
[SourceVersion "1"]
[SourceVersionDate "1994.03.01"]
[SourceQuality "1"]

1. Nf3 g6 2. c4 Bg7 3. Nc3 d6 4. d4 Nf6 5. e4 0-0 6. h3 Nbd7 7. Bg5 c5 8. d5 a6 9. a4 Qa5 10. Bd2 Qc7 11. Bf4 Nh5 12. Bh2 Ne5 13. Be2 Nxf3+ 14. Bxf3 Nf6 15. 0-0 Nd7 16. Be2 Be5 17. Bxe5 Nxe5 18. f4 Nd7 19. Qd2 Rb8 20. Rae1 f6 21. Rf3 Qa5 22. Bd3 Qb4 23. Qc2 b5 24. e5 f5 25. axb5 axb5 26. b3 Ba6 27. exd6 exd6 28. Re7 bxc4 29. bxc4 Rb7 30. Na2 Qa5 31. Rg3 Qd8 32. Re6 Rf6 33. Qe2 Nf8 34. Re8 Qd7 35. Nc3 Qg7 36. Ra8 Ra7 37. Rxa7 Qxa7 38. Re3 Qg7 39. Qa2 Rf7 40. Ne2 Ra7 41. Qa4 Bc8 42. Qc6 Qd7 43. Nc3 Ra6 44. Qxd7 Bxd7 45. Kf2 Kf7 46. Kf3 h5 47. Re2 Ra3 48. Rc2 Nh7 49. Ke3 Nf6 50. Kd2 h4 51. Ra2 Rb3 52. Ra7 Rb2+ 53. Bc2 Ke7 54. Kc1 Rb4 55. Bd3 Ne4 56. Nxe4 fxe4 57. Be2 Kd8 1/2-1/2

[Event "Cannes op"]
[Site "Cannes"]
[Date "1992.??.??"]
[Round "?"]
[White "Libens, Michel"]
[Black "Tatai, Stefano"]
[Result "0-1"]
[WhiteElo "2250"]
[BlackElo "2410"]
[PlyCount "64"]
[EventDate "1992.02.??"]
[EventType "swiss"]
[EventRounds "9"]
[EventCountry "FRA"]
[SourceTitle "TD"]
[Source "ChessBase"]
[SourceDate "1994.03.01"]
[SourceVersion "1"]
[SourceVersionDate "1994.03.01"]
[SourceQuality "1"]

1. Nf3 Nf6 2. d4 d5 3. e3 c5 4. c3 g6 5. Nbd2 Bg7 6. Bd3 Nc6 7. h3 Nd7 8. 0-0 0-0 9. b3 e5 10. dxe5 Ndxe5 11. Nxe5 Nxe5 12. Bc2 Nc6 13. Bb2 Qa5 14. a3 Bxc3 15. b4 cxb4 16. axb4 Qxb4 17. Ba3 Qa5 18. Bb2 Qb4 19. Ba3 Qh4 20. Bxf8 Bxa1 21. Qxa1 Kxf8 22. Qh8+ Ke7 23. e4 Qf6 24. Qg8 Rb8 25. exd5 Be6 26. Qxh7 Rh8 27. Ne4 Qe5 28. Qxh8 Qxh8 29. dxe6 Nd4 30. exf7 Nxc2 31. Rd1 Kxf7 32. Rd7+ Ke8 0-1

[Event "FRA-ch Accession"]
[Site "Montpellier"]
[Date "1991.??.??"]
[Round "5"]
[White "Libens, Michel"]
[Black "Ladisic, Alex Sacha"]
[Result "1-0"]
[WhiteElo "2260"]
[BlackElo "2140"]
[PlyCount "93"]
[EventDate "1991.??.??"]
[EventType "swiss"]
[EventRounds "11"]
[EventCountry "FRA"]
[SourceTitle "EXT 1999"]
[Source "ChessBase"]
[SourceDate "1998.11.16"]
[SourceVersion "1"]
[SourceVersionDate "1998.11.16"]
[SourceQuality "1"]

1. Nf3 Nf6 2. d4 g6 3. g3 Bg7 4. Bg2 0-0 5. c4 d6 6. 0-0 Nc6 7. Nc3 a6 8. e3 e5 9. d5 Ne7 10. e4 Nd7 11. Ne1 f5 12. f3 Nf6 13. Nd3 Kh8 14. Kh1 Neg8 15. Be3 Nh5 16. Bg1 Qg5 17. Qc1 Qf6 18. Qe1 Qe7 19. c5 Bd7 20. Rc1 Bf6 21. c6 bxc6 22. dxc6 Be6 23. Nb4 Qg7 24. Nbd5 Bd8 25. b4 Qh6 26. Bf2 Rf7 27. a4 Bg5 28. Rc2 Raf8 29. Kg1 fxe4 30. fxe4 Nhf6 31. b5 axb5 32. axb5 Ng4 33. h3 N8f6 34. Nd1 Bc8 35. Ba7 Nxd5 36. Rxf7 Rxf7 37. exd5 Nf6 38. Nf2 Nh5 39. Ne4 Bd8 40. Be3 Qf8 41. Ra2 Nf6 42. Ng5 Re7 43. Ra8 Bf5 44. g4 h6 45. gxf5 hxg5 46. Bxg5 Re8 47. Qh4+ 1-0

[Event "FRA-ch Accession"]
[Site "Montpellier"]
[Date "1991.??.??"]
[Round "3"]
[White "Libens, Michel"]
[Black "Verdier, Patrice"]
[Result "1/2-1/2"]
[WhiteElo "2260"]
[BlackElo "2220"]
[PlyCount "49"]
[EventDate "1991.??.??"]
[EventType "swiss"]
[EventRounds "11"]
[EventCountry "FRA"]
[SourceTitle "EXT 1999"]
[Source "ChessBase"]
[SourceDate "1998.11.16"]
[SourceVersion "1"]
[SourceVersionDate "1998.11.16"]
[SourceQuality "1"]

1. Nf3 Nf6 2. d4 c5 3. e3 e6 4. Bd3 b6 5. 0-0 Bb7 6. Nbd2 Be7 7. Qe2 0-0 8. c3 d5 9. Ne5 Nbd7 10. f4 Ne4 11. Nxe4 dxe4 12. Bb5 Nxe5 13. fxe5 f6 14. exf6 Bxf6 15. dxc5 bxc5 16. Bd2 Qd6 17. Rad1 Rad8 18. Bc1 Qb6 19. a4 Kh8 20. Rxd8 Rxd8 21. Rd1 Rf8 22. Bc4 Be5 23. Qg4 Qc7 24. Qh3 Bd5 25. Rf1 1/2-1/2

[Event "Kecskemet op1"]
[Site "Kecskemet"]
[Date "1990.??.??"]
[Round "1"]
[White "Libens, Michel"]
[Black "Arkhipov, Sergey"]
[Result "1/2-1/2"]
[WhiteElo "2180"]
[BlackElo "2540"]
[PlyCount "95"]
[EventDate "1990.??.??"]
[EventType "swiss"]
[EventRounds "13"]
[EventCountry "HUN"]
[SourceTitle "EXT 2004"]
[Source "ChessBase"]
[SourceDate "2003.11.25"]
[SourceVersion "1"]
[SourceVersionDate "2003.11.25"]
[SourceQuality "1"]

1. Nf3 Nf6 2. d4 e6 3. e3 b6 4. Bd3 Bb7 5. Nbd2 c5 6. c3 Be7 7. 0-0 0-0 8. e4 cxd4 9. cxd4 Nc6 10. a3 a5 11. Qe2 d5 12. e5 Nh5 13. Nb1 g6 14. Bh6 Ng7 15. Nc3 Re8 16. Bxg7 Kxg7 17. Nb5 Qd7 18. Rac1 Rec8 19. Rc2 Nd8 20. Rfc1 Rxc2 21. Rxc2 Rc8 22. Na7 Rxc2 23. Qxc2 Bc6 24. Nxc6 Qxc6 25. Qxc6 Nxc6 26. Bb5 Na7 27. a4 f5 28. Bd7 Kf7 29. Kf1 g5 30. Ke2 g4 31. Nd2 Bg5 32. Nb1 Ke7 33. Bb5 Bc1 34. b3 Bb2 35. Kd3 Kf7 36. Nc3 Bxc3 37. Kxc3 Nxb5+ 38. axb5 Kg6 39. Kd3 Kg5 40. Ke3 f4+ 41. Ke2 g3 42. h4+ Kxh4 43. f3 Kg5 44. Kf1 h5 45. Kg1 h4 46. Kh1 h3 47. gxh3 Kh4 48. Kg2 1/2-1/2

[Event "Belfort op"]
[Site "Belfort"]
[Date "1989.??.??"]
[Round "1"]
[White "Velikov, Petar"]
[Black "Libens, Michel"]
[Result "1-0"]
[WhiteElo "2465"]
[BlackElo "2000"]
[PlyCount "108"]
[EventDate "1989.07.??"]
[EventType "swiss"]
[EventRounds "9"]
[EventCountry "FRA"]
[SourceTitle "TD"]
[Source "ChessBase"]
[SourceDate "1994.03.01"]
[SourceVersion "1"]
[SourceVersionDate "1994.03.01"]
[SourceQuality "1"]

1. Nf3 Nf6 2. c4 g6 3. g3 Bg7 4. Bg2 d6 5. d4 0-0 6. 0-0 Nc6 7. Nc3 a6 8. b3 Rb8 9. e3 b5 10. Qe2 b4 11. Na4 Nd7 12. Bb2 e5 13. Nd2 Bb7 14. d5 Ne7 15. e4 g5 16. Qe3 f5 17. Qxg5 f4 18. Qh5 Ng6 19. Qe2 Rf7 20. Bh3 Rf6 21. Nf3 Bh6 22. Bf5 Ndf8 23. g4 Rf7 24. Kh1 c5 25. a3 a5 26. Bc1 Bg5 27. Nb2 Bc8 28. Nd3 Nh4 29. Nxh4 Bxh4 30. Ne1 Bxf5 31. exf5 Bf6 32. Ra2 Rg7 33. Nd3 Qe8 34. axb4 axb4 35. f3 Ra8 36. Rxa8 Qxa8 37. Nf2 h6 38. Ne4 Qd8 39. Qa2 Nh7 40. Qa6 Rd7 41. Qc6 Be7 42. Bb2 Ra7 43. Nxc5 dxc5 44. Bxe5 Bf6 45. Qxc5 Ra2 46. Bxf4 Qe8 47. Qc6 Qe2 48. Qe6+ Kg7 49. Qxe2 Rxe2 50. c5 Be5 51. Bxe5+ Rxe5 52. Rd1 Re2 53. d6 Ng5 54. Rd3 Nh3 1-0